| 000 | 00642nam a2200217Ia 4500 | ||
|---|---|---|---|
| 003 | GCL | ||
| 005 | 20240530103834.0 | ||
| 008 | 140319s9999 xx 000 0 ara d | ||
| 040 |
_aGCL / _cGCL |
||
| 082 | 0 | 4 |
_a811.9 _bم ت |
| 100 | 1 | _aمحمود عماد | |
| 245 | 1 | 0 |
_aتقويم الشعر السنوى الرابع:الجزء الرابع / _cمحمود عماد |
| 300 | _a153 ص | ||
| 490 |
_aالالف كتاب _v0 |
||
| 650 | 0 | 4 | _aالشعر العربى |
| 650 | 0 | 4 | _aالادب العربى |
| 650 | 0 | 4 | _aالعصر الحديث |
| 650 | 0 | 4 | _aدواوين وقصائد |
| 700 | 1 | _aمحمود عماد | |
| 942 |
_2ddc _cBK |
||
| 999 |
_c42884 _d42884 |
||